| 000 | 00959cab a2200253 4500 | ||
|---|---|---|---|
| 001 | ABS48954 | ||
| 008 | 090401t1993 xxu||||| |||| 00| 0 eng d | ||
| 035 | _a(Sirsi) u69237 | ||
| 041 | _aeng | ||
| 100 | _aHume, I. | ||
| 245 | _aFabric consolidation of ancient monuments | ||
| 260 | _c1993 | ||
| 350 | _a0 | ||
| 490 |
_aConservation Bulletin _v(20) July 1993, 7-8(2) |
||
| 520 | _aAdvises on preservation methods for ancient monuments and historic buildings in ruinous condition, ranging from routine maintenance to underpinning and the installation of tie bars. | ||
| 650 | _aANCIENT MONUMENTS | ||
| 650 | _aHISTORIC BUILDINGS | ||
| 650 | _aBUILT ENVIRONMENT-BUILDING MAINTENANCE AND REFURBISHMENT | ||
| 650 | _aREPAIR METHODS | ||
| 690 | _aCONSERVATION | ||
| 856 |
_uhttps://www.bl.uk/ _zThis article is no longer held by the RICS Library. Copies can be obtained from the British Library, at www.bl.uk |
||
| 942 | _n0 | ||
| 948 | _c04/03/1997 | ||
| 999 |
_c43487 _d43487 |
||